Music Quiz

Random Music or Artist Quiz

All Time John Peel Festive 50 (2000) Quiz Stats

 Plays Quiz not verified by Sporcle

Challenge
Share
Tweet
Embed
Score 0/50 Timer 10:00
0 Plays Today
No. Song % Correct
3Love Will Tear Us Apart
91.5%
2Teenage Kicks
81.7%
6Blue Monday
81.7%
8Smells Like Teen Spirit
81.7%
4Anarchy In The UK
80.5%
12Common People
80.5%
28Transmission
65.9%
1Atmosphere
64%
7How Soon Is Now
62.2%
22This Charming Man
59.1%
11Shipbuilding
54.9%
14Holiday In Cambodia
54.9%
20She's Lost Control
51.8%
23Birthday
50%
9There Is A Light That Never Goes Out
48.8%
18Another Girl, Another Planet
47.6%
35Going Underground
47.6%
46Good Vibrations
47.6%
30Debaser
47%
29Pretty Vacant
45.7%
41God Only Knows
42.7%
5(White Man) In Hammersmith Palais
42.1%
10Song To The Siren
40.9%
32True Faith
40.9%
40Song To The Siren
40.9%
No. Song % Correct
39New Rose
40.9%
37All Along The Watchtower
39.6%
19Temptation
37.8%
50Here
37.2%
17Ceremony
34.8%
16Soon
32.9%
42Heroin
31.7%
27You Made Me Realise
29.3%
15New Dawn Fades
28.7%
33Complete Control
28.7%
49Sheela-na-gig
25.6%
21Brassneck
25%
26Pull The Wires From the Wall
25%
31Lazy Line Painter Jane
23.8%
34Totally Wired
22%
36French Disko
22%
47Can't Be Sure
22%
24How I Wrote 'Elastic Man'
21.3%
43Northern Sky
20.1%
13Big Eyed Beans From Venus
18.3%
25My Favourite Dress
18.3%
38The Classical
18.3%
48Lion Rock
16.5%
45I Am The Walrus
15.9%
44Visions Of Johanna
15.2%

You're not logged in!

Compare scores with friends on all Sporcle quizzes.
OR
Log In

You Might Also Like...

Show Comments

Extras

Top Quizzes Today


Score Distribution

Your Account Isn't Verified!

In order to create a playlist on Sporcle, you need to verify the email address you used during registration. Go to your Sporcle Settings to finish the process.

Report this User

Report this user for behavior that violates our Community Guidelines.

Details: